Minecraft Blocks - Building Blocks - Statistics

General Stats
  • This quiz has been taken 29 times
  • The average score is 61 of 196
Answer Stats
ID Block % Correct
1 Stone
92%
4 Cobblestone
83%
17:2 Birch Wood
79%
3 Dirt
79%
12 Sand
79%
17 Oak Wood
75%
2 Grass Block
71%
162:1 Dark Oak Wood
67%
20 Glass
67%
17:3 Jungle Wood
63%
17:1 Spruce Wood
63%
35 White Wool
63%
35:11 Blue Wool
58%
45 Bricks
58%
5 Oak Wood Planks
58%
35:6 Pink Wool
58%
24 Sandstone
58%
5:2 Birch Wood Planks
54%
35:15 Black Wool
54%
42 Block of Iron
54%
1:1 Granite
54%
35:13 Green Wool
54%
87 Netherrack
54%
35:1 Orange Wool
54%
35:14 Red Wool
54%
1:5 Andesite
50%
57 Block of Diamond
50%
35:12 Brown Wool
50%
5:5 Dark Oak Wood Planks
50%
56 Diamond Ore
50%
13 Gravel
50%
15 Iron Ore
50%
5:3 Jungle Wood Planks
50%
35:2 Magenta Wool
50%
5:1 Spruce Wood Planks
50%
5:4 Acacia Wood Planks
46%
41 Block of Gold
46%
16 Coal Ore
46%
1:3 Diorite
46%
121 End Stone
46%
14 Gold Ore
46%
35:10 Purple Wool
46%
35:4 Yellow Wool
46%
162 Acacia Wood
42%
126:2 Birch Wood Slab
42%
173 Block of Coal
42%
133 Block of Emerald
42%
3:1 Coarse Dirt
42%
35:9 Cyan Wool
42%
129 Emerald Ore
42%
35:7 Gray Wool
42%
126:3 Jungle Wood Slab
42%
35:3 Light Blue Wool
42%
35:5 Lime Wool
42%
126 Oak Wood Slab
42%
12:1 Red Sand
42%
98 Stone Bricks
42%
126:4 Acacia Wood Slab
38%
82 Clay
38%
126:5 Dark Oak Wood Slab
38%
35:8 Light Gray Wool
38%
49 Obsidian
38%
126:1 Spruce Wood Slab
38%
44 Stone Slab
38%
155 Block of Quartz
33%
112 Nether Brick
33%
73 Redstone Ore
33%
80 Snow
33%
172 Terracotta
33%
95:15 Black Stained Glass
29%
95:11 Blue Stained Glass
29%
44:4 Bricks Slab
29%
95:12 Brown Stained Glass
29%
44:3 Cobblestone Slab
29%
206 End Stone Bricks
29%
95:7 Gray Stained Glass
29%
95:13 Green Stained Glass
29%
22 Lapis Lazuli Block
29%
95:3 Light Blue Stained Glass
29%
95:5 Lime Stained Glass
29%
95:1 Orange Stained Glass
29%
95:6 Pink Stained Glass
29%
1:6 Polished Andesite
29%
1:4 Polished Diorite
29%
1:2 Polished Granite
29%
95:10 Purple Stained Glass
29%
95:14 Red Stained Glass
29%
95 White Stained Glass
29%
95:4 Yellow Stained Glass
29%
251:15 Black Concrete
25%
252:15 Black Concrete Powder
25%
159:15 Black Terracotta
25%
251:11 Blue Concrete
25%
252:11 Blue Concrete Powder
25%
159:11 Blue Terracotta
25%
251:12 Brown Concrete
25%
252:12 Brown Concrete Powder
25%
159:12 Brown Terracotta
25%
67 Cobblestone Stairs
25%
95:9 Cyan Stained Glass
25%
159:9 Cyan Terracotta
25%
251:7 Gray Concrete
25%
252:7 Gray Concrete Powder
25%
159:7 Gray Terracotta
25%
251:13 Green Concrete
25%
252:13 Green Concrete Powder
25%
159:13 Green Terracotta
25%
21 Lapis Lazuli Ore
25%
251:3 Light Blue Concrete
25%
252:3 Light Blue Concrete Powder
25%
159:3 Light Blue Terracotta
25%
95:8 Light Gray Stained Glass
25%
159:8 Light Gray Terracotta
25%
251:5 Lime Concrete
25%
252:5 Lime Concrete Powder
25%
159:5 Lime Terracotta
25%
95:2 Magenta Stained Glass
25%
159:2 Magenta Terracotta
25%
251:1 Orange Concrete
25%
252:1 Orange Concrete Powder
25%
159:1 Orange Terracotta
25%
251:6 Pink Concrete
25%
252:6 Pink Concrete Powder
25%
159:6 Pink Terracotta
25%
86 Pumpkin
25%
251:10 Purple Concrete
25%
252:10 Purple Concrete Powder
25%
159:10 Purple Terracotta
25%
251:14 Red Concrete
25%
252:14 Red Concrete Powder
25%
179 Red Sandstone
25%
159:14 Red Terracotta
25%
19 Sponge
25%
251 White Concrete
25%
252 White Concrete Powder
25%
159 White Terracotta
25%
251:4 Yellow Concrete
25%
252:4 Yellow Concrete Powder
25%
159:4 Yellow Terracotta
25%
7 Bedrock
21%
108 Brick Stairs
21%
251:9 Cyan Concrete
21%
252:9 Cyan Concrete Powder
21%
89 Glowstone
21%
79 Ice
21%
251:8 Light Gray Concrete
21%
252:8 Light Gray Concrete Powder
21%
251:2 Magenta Concrete
21%
252:2 Magenta Concrete Powder
21%
103 Melon
21%
110 Mycelium
21%
153 Nether Quartz Ore
21%
3:2 Podzol
21%
24:2 Smooth Sandstone
21%
135 Birch Wood Stairs
17%
24:1 Chiseled Sandstone
17%
164 Dark Oak Wood Stairs
17%
168:2 Dark Prismarine
17%
136 Jungle Wood Stairs
17%
48 Moss Stone
17%
44:6 Nether Brick Slab
17%
114 Nether Brick Stairs
17%
168 Prismarine
17%
201 Purpur Block
17%
202 Purpur Pillar
17%
179:2 Smooth Red Sandstone
17%
19:1 Wet Sponge
17%
163 Acacia Wood Stairs
13%
155:1 Chiseled Quartz Block
13%
179:1 Chiseled Red Sandstone
13%
98:3 Chiseled Stone Bricks
13%
98:2 Cracked Stone Bricks
13%
170 Hay Bale
13%
168:1 Prismarine Bricks
13%
205 Purpur Slab
13%
203 Purpur Stairs
13%
215 Red Nether Brick
13%
134 Spruce Wood Stairs
13%
44:5 Stone Bricks Slab
13%
109 Stone Brick Stairs
13%
47 Bookshelf
8%
91 Jack o'Lantern
8%
98:1 Mossy Stone Bricks
8%
44:7 Quartz Slab
8%
44:1 Sandstone Slab
8%
169 Sea Lantern
8%
213 Magma Block
4%
214 Nether Wart Block
4%
53 Oak Wood Stairs
4%
174 Packed Ice
4%
156 Quartz Stairs
4%
182 Red Sandstone Slab
4%
216 Bone Block
0%
155:2 Pillar Quartz Block
0%
180 Red Sandstone Stairs
0%
128 Sandstone Stairs
0%
No matching quizzes found
Score Distribution
Percent of People with Each Score
Percentile by Number Answered
Your Score History
You have not taken this quiz